Delimitácia vzdušného priestoru a vesmíru

Zhrnutie a prehľad o rôznych prístupoch (priestorový a funkčný) vo veci vymedzenia vzdušného priestoru a vesmíru. Možné návrhy riešenia tohto problému, vrátane ich analýzy a diskusie na predmetnú tému medzi vedcami s niekoľkými konštruktívnymi návrhmi.

Salvato in:
Dettagli Bibliografici
Autore principale: Klenka, Michal
Natura: Capitolo di libro
Lingua:slovacco
Soggetti:
Tags: Aggiungi Tag
Nessun Tag, puoi essere il primo ad aggiungerne!!

MARC

LEADER 00000nla a2200000 4500
001 0240615
005 20240502073920.4
041 0 |a slo 
044 |a SK 
245 1 0 |a Delimitácia vzdušného priestoru a vesmíru  |c Michal Klenka 
520 |a Zhrnutie a prehľad o rôznych prístupoch (priestorový a funkčný) vo veci vymedzenia vzdušného priestoru a vesmíru. Možné návrhy riešenia tohto problému, vrátane ich analýzy a diskusie na predmetnú tému medzi vedcami s niekoľkými konštruktívnymi návrhmi. 
610 2 0 |a právo kozmické 
610 2 0 |a právo letecké 
610 2 0 |a politika medzinárodná 
100 1 |a Klenka, Michal